000
00210nam a2200085Ia 4500
008
120527s9999 xx 000 0 und d
100
_a
LEGTERS, H.Lyman
245
_a
Critical Perspective on democracy
942
_c
BK
999
_c
25250
_d
25250